| 000 | 00343nam a2200145Ia 4500 | ||
|---|---|---|---|
| 008 | 191201s2002 xx 000 0 und d | ||
| 082 |
_a604.2 _bMOE |
||
| 100 | _aMohan, K R | ||
| 245 | 0 | _aEngineering Graphics | |
| 250 | _a1st | ||
| 260 |
_aN.Delhi _bDhanpat Rai Pubns (P) Ltd _c2002 |
||
| 300 | _a352 | ||
| 650 | _aB.Tech(ME) | ||
| 942 |
_2ddc _cBK |
||
| 999 |
_c902 _d902 |
||